Państwa Wspólnoty Niepodległych Państw - Statystyki

Ogólne statystyki
  • Ten quiz został rozwiązany 35 razy
  • Średni wynik to 8 z 9
Statystyki odpowiedzi
Nr. Odpowiedź % Poprawnych
2 Białoruś
100%
3 Kazachstan
100%
1 Rosja
100%
5 Uzbekistan
93%
7 Azerbejdżan
89%
8 Armenia
86%
4 Turkmenistan
86%
6 Kirgistan
82%
9 Mołdawia
79%
Nie znaleziono quizów pasujących do podanych kryteriów
Rozkład punktacji
Procent ludzi z każdym wynikiem
Percentyl według liczby udzielonych odpowiedzi
Twoja historia wyników
Nie rozwiązałeś tego quizu